| 000 | 00467nam a22001697a 4500 | ||
|---|---|---|---|
| 003 | BD-ChCU | ||
| 005 | 20251209103843.0 | ||
| 008 | 251209b bg ||||| |||| 00| 0 ben d | ||
| 040 | _cBD-ChCU | ||
| 082 | _a330.15 STM | ||
| 100 |
_aSteindl , J. _917763 |
||
| 245 |
_aMaturity and stagnation in American capitlism ./ _cJ. Steindl. |
||
| 260 |
_aOxford : _bBasil Blackwell , _c C 1952 |
||
| 300 | _aix , 248p | ||
| 650 | 0 |
_aCapitalism . _917767 |
|
| 942 |
_2ddc _cBK _n0 |
||
| 999 |
_c110261 _d110261 |
||